[Event "Titled Tuesday intern op 08th Aug Early"]
[Site "Chess.com INT"]
[Date "2023.08.08"]
[Round "8"]
[White "Salman, Pavel"]
[Black "Atakhan, Abtin"]
[Result "0-1"]
[WhiteElo "2287"]
[BlackElo "2414"]
[PlyCount "86"]
[EventDate "2023.08.08"]
[EventType "swiss (blitz)"]
[EventRounds "11"]
[EventCountry "USA"]
[SourceTitle "EXT 2024"]
[Source "ChessBase"]
[SourceDate "2023.10.10"]
[SourceVersion "1"]
[SourceVersionDate "2023.10.10"]
[SourceQuality "1"]

1. d4 Nf6 2. Nc3 d5 3. Bf4 g6 4. Nb5 Na6 5. e3 Bg7 6. Nf3 0-0 7. Ne5 Ne4 8. f3 Nf6 9. g4 c6 10. Nc3 Qb6 11. Na4 Qa5+ 12. c3 b5 13. Nxc6 Qxa4 14. b3 Qa3 15. Bxb5 Bd7 16. Qc1 Qxc1+ 17. Rxc1 Kh8 18. a4 Rfe8 19. h4 h5 20. g5 Ng8 21. Ne5 Bxb5 22. Nxf7+ Kh7 23. axb5 Nb8 24. Ra1 Nd7 25. Kd2 Rf8 26. Ne5 Bxe5 27. dxe5 e6 28. b4 Ne7 29. Ra6 Nb6 30. Rha1 Nec8 31. Ke2 Rf7 32. Bg3 Rb8 33. Bf2 Rbb7 34. e4 dxe4 35. fxe4 Rbc7 36. Bc5 Nd7 37. Bd4 Ndb6 38. Ke3 Kg8 39. R1a2 Kf8 40. Ra1 Ke8 41. Bc5 Nc4+ 42. Kd4 N8b6 43. Bxb6 Rfd7# 0-1

[Event "Titled Tuesday intern op 25th Jul Early"]
[Site "Chess.com INT"]
[Date "2023.07.25"]
[Round "2"]
[White "Atakhan, Abtin"]
[Black "Baches Garcia, Guillermo"]
[Result "1-0"]
[WhiteElo "2414"]
[BlackElo "2327"]
[PlyCount "57"]
[EventDate "2023.07.25"]
[EventType "swiss (blitz)"]
[EventRounds "11"]
[EventCountry "USA"]
[SourceTitle "EXT 2024"]
[Source "ChessBase"]
[SourceDate "2023.10.10"]
[SourceVersion "1"]
[SourceVersionDate "2023.10.10"]
[SourceQuality "1"]

1. d4 Nf6 2. c4 e6 3. f3 d5 4. cxd5 exd5 5. Nc3 c5 6. e3 Nc6 7. Bb5 a6 8. Bxc6+ bxc6 9. Nge2 c4 10. b3 cxb3 11. axb3 Bd6 12. Ba3 0-0 13. Bxd6 Qxd6 14. Na4 Re8 15. Qd2 Rb8 16. Nc5 Nd7 17. b4 Nxc5 18. dxc5 Qe5 19. Ra3 a5 20. Rxa5 Qxe3 21. Qxe3 Rxe3 22. Kd2 Rb3 23. Nd4 R3xb4 24. Nxc6 Rb2+ 25. Ke3 R8b3+ 26. Kf4 g5+ 27. Ke5 Re2+ 28. Kd6 Bb7 29. Nd4 1-0

[Event "Titled Tuesday intern op 25th Jul Early"]
[Site "Chess.com INT"]
[Date "2023.07.25"]
[Round "5"]
[White "Koutlas, Nikolaos"]
[Black "Atakhan, Abtin"]
[Result "1-0"]
[WhiteElo "2341"]
[BlackElo "2414"]
[PlyCount "53"]
[EventDate "2023.07.25"]
[EventType "swiss (blitz)"]
[EventRounds "11"]
[EventCountry "USA"]
[SourceTitle "EXT 2024"]
[Source "ChessBase"]
[SourceDate "2023.10.10"]
[SourceVersion "1"]
[SourceVersionDate "2023.10.10"]
[SourceQuality "1"]

1. Nf3 Nf6 2. c4 g6 3. Nc3 Bg7 4. d4 0-0 5. g3 d6 6. Bg2 Nc6 7. 0-0 e5 8. d5 Nb8 9. Nd2 a5 10. Rb1 Na6 11. a3 Bf5 12. e4 Bd7 13. b4 b6 14. Nb5 axb4 15. axb4 Qe7 16. Bb2 c6 17. dxc6 Bxc6 18. Ba1 Nc7 19. Nc3 Ne6 20. Nd5 Bxd5 21. exd5 Nd4 22. Re1 Qa7 23. Bxd4 exd4 24. Nb3 Qa2 25. Qxd4 Ra3 26. Qd1 Rc8 27. Re2 1-0

[Event "Titled Tuesday intern op 25th Jul Early"]
[Site "Chess.com INT"]
[Date "2023.07.25"]
[Round "1"]
[White "Valgmae, Toomas"]
[Black "Atakhan, Abtin"]
[Result "1/2-1/2"]
[WhiteElo "2270"]
[BlackElo "2414"]
[PlyCount "143"]
[EventDate "2023.07.25"]
[EventType "swiss (blitz)"]
[EventRounds "11"]
[EventCountry "USA"]
[SourceTitle "EXT 2024"]
[Source "ChessBase"]
[SourceDate "2023.10.10"]
[SourceVersion "1"]
[SourceVersionDate "2023.10.10"]
[SourceQuality "1"]

1. d4 Nf6 2. c4 g6 3. Nc3 Bg7 4. e4 d6 5. f3 0-0 6. Be3 c5 7. Nge2 Nc6 8. Qd2 Qa5 9. 0-0-0 cxd4 10. Nxd4 Bd7 11. Kb1 Rfc8 12. Nd5 Qd8 13. Be2 Ne5 14. Rc1 Rab8 15. Rhd1 Nc6 16. Rc3 Nxd5 17. cxd5 Nxd4 18. Bxd4 Bxd4 19. Qxd4 Qa5 20. Rdc1 b5 21. Rxc8+ Rxc8 22. Rxc8+ Bxc8 23. Qc3 Qd8 24. Qc6 Bd7 25. Qb7 Qa5 26. Kc2 Qa4+ 27. Kd2 b4 28. Bc4 a5 29. f4 Kf8 30. e5 Be8 31. Bb3 Qb5 32. Qxb5 Bxb5 33. Ke3 f6 34. Kd4 Bf1 35. g3 Ke8 36. a3 Kd7 37. Ba4+ Kc7 38. h4 h6 39. Be8 g5 40. hxg5 hxg5 41. Ba4 gxf4 42. gxf4 Bg2 43. axb4 axb4 44. Be8 Kb6 45. Ba4 fxe5+ 46. fxe5 dxe5+ 47. Kxe5 Kc5 48. Bb3 Bh3 49. Ba2 Bd7 50. Bb3 Bg4 51. Ba2 Bc8 52. Bb3 Bd7 53. Ba2 Bb5 54. Bb3 Bc4 55. Ba4 Bxd5 56. Bd1 Bc4 57. Bf3 Bf7 58. Be2 Bg8 59. Bf1 Bd5 60. Be2 e6 61. Bd3 Bc4 62. Bh7 Kb5 63. Kd4 Bd5 64. Bc2 Kc6 65. Ke5 Kc5 66. Bd3 Bc4 67. Be4 Bb3 68. Bd3 Ba2 69. Be2 Kc6 70. Bd3 Kc5 71. Be2 Bd5 72. Bd3 1/2-1/2

[Event "Titled Tuesday intern op 18th Jul Early"]
[Site "Chess.com INT"]
[Date "2023.07.18"]
[Round "4"]
[White "Atakhan, Abtin"]
[Black "Ibarra Jerez, Jose Carlos"]
[Result "1-0"]
[WhiteElo "2414"]
[BlackElo "2563"]
[PlyCount "87"]
[EventDate "2023.07.18"]
[EventType "swiss (blitz)"]
[EventRounds "11"]
[EventCountry "USA"]
[SourceTitle "EXT 2024"]
[Source "ChessBase"]
[SourceDate "2023.10.10"]
[SourceVersion "1"]
[SourceVersionDate "2023.10.10"]
[SourceQuality "1"]

1. d4 Nf6 2. c4 d6 3. Nf3 g6 4. Nc3 Bf5 5. g3 Ne4 6. Nd5 c6 7. Ne3 Qa5+ 8. Nd2 Bg7 9. Bg2 Bxd4 10. g4 Nxf2 11. Kxf2 Bxe3+ 12. Kxe3 Bxg4 13. Kf2 Qc5+ 14. Ke1 0-0 15. Qb3 Nd7 16. Ne4 Qe5 17. Qe3 Be6 18. Qh6 Bxc4 19. Bd2 Qg7 20. Qh4 Bd5 21. Bc3 f6 22. Rg1 Ne5 23. Qf4 Kh8 24. h4 Qf7 25. Bh1 Qe6 26. Qg3 Rg8 27. a3 Bb3 28. Kf2 Bd5 29. Raf1 h5 30. Ke1 Kh7 31. Qe3 Raf8 32. Bd2 Nf7 33. Qf4 Qe5 34. Qe3 Qxb2 35. Bc3 Qxa3 36. Nd2 Qc1+ 37. Kf2 Qa3 38. Bxd5 cxd5 39. Ra1 Qc5 40. Bd4 Qc8 41. Qxe7 Qf5+ 42. Nf3 Kg7 43. Rg5 Qe4 44. Qxf6+ 1-0

[Event "Titled Tuesday intern op 11th Jul Early"]
[Site "Chess.com INT"]
[Date "2023.07.11"]
[Round "7"]
[White "Atakhan, Abtin"]
[Black "Martinez Lopez, David"]
[Result "0-1"]
[WhiteElo "2414"]
[BlackElo "2386"]
[PlyCount "66"]
[EventDate "2023.07.11"]
[EventType "swiss (blitz)"]
[EventRounds "11"]
[EventCountry "USA"]
[SourceTitle "EXT 2024"]
[Source "ChessBase"]
[SourceDate "2023.10.10"]
[SourceVersion "1"]
[SourceVersionDate "2023.10.10"]
[SourceQuality "1"]

1. Nf3 Nf6 2. g3 b6 3. Bg2 Bb7 4. c4 e6 5. b3 Be7 6. Bb2 0-0 7. 0-0 c5 8. d4 d6 9. Nc3 cxd4 10. Qxd4 a6 11. Rfd1 Qc7 12. Rac1 Nbd7 13. Ba3 Nc5 14. b4 Nce4 15. Bb2 Nxc3 16. Bxc3 Rac8 17. Bb2 Rfd8 18. Qe3 Nd7 19. Bh3 Bf6 20. Nd4 Ne5 21. Nxe6 fxe6 22. Bxe6+ Kh8 23. Bxc8 Rxc8 24. Qf4 Ng6 25. Qd2 Bxb2 26. Qxb2 Ne5 27. Rd4 Qc6 28. f3 Nxf3+ 29. exf3 Qxf3 30. Qd2 Qh1+ 31. Kf2 Qf3+ 32. Kg1 Re8 33. Rd5 Re2 0-1

[Event "Titled Tuesday intern op 11th Jul Early"]
[Site "Chess.com INT"]
[Date "2023.07.11"]
[Round "1"]
[White "Atakhan, Abtin"]
[Black "Nunez V, Gustavo Eduardo"]
[Result "1-0"]
[WhiteElo "2414"]
[BlackElo "2226"]
[PlyCount "85"]
[EventDate "2023.07.11"]
[EventType "swiss (blitz)"]
[EventRounds "11"]
[EventCountry "USA"]
[SourceTitle "EXT 2024"]
[Source "ChessBase"]
[SourceDate "2023.10.10"]
[SourceVersion "1"]
[SourceVersionDate "2023.10.10"]
[SourceQuality "1"]

1. Nf3 g6 2. g3 Bg7 3. d4 d6 4. Bg2 Nf6 5. c4 0-0 6. Nc3 Nbd7 7. 0-0 e5 8. e4 Re8 9. Re1 c6 10. Qc2 Qc7 11. h3 h6 12. Be3 Nf8 13. Rad1 b6 14. d5 c5 15. Rb1 a5 16. a3 Ba6 17. Nb5 Bxb5 18. cxb5 a4 19. Nd2 g5 20. Nc4 Ng6 21. Bd2 Nd7 22. Ne3 Ne7 23. Bc3 Nf8 24. Qe2 Nfg6 25. Qh5 Qd7 26. Bf3 Qxb5 27. Bg4 Qd3 28. Rbd1 Qa6 29. Bf5 b5 30. Ng4 Kh7 31. Bd2 f6 32. h4 Nxf5 33. exf5 Ne7 34. hxg5 fxg5 35. f6 Nf5 36. fxg7 Kxg7 37. Bxg5 Rh8 38. Bf6+ Kf8 39. Qxf5 Rg8 40. Bxe5+ Ke8 41. Bf6+ Kf7 42. Re7+ Kf8 43. Bg5# 1-0